000 00253nam a2200097Ia 4500
001 660480
005 20250826160115.0
008 250824s9999 xx 000 0 und d
245 0 _aPAKİZE ANTİK
_cSÜLEYMAN TEVFİK
260 _bANTİK DÜNYA KLASİKLERİ
999 _c660480
_d660480